[Event "Rated Blitz game"]
[Site "?"]
[Date "2021.11.04"]
[Round "?"]
[White "wnisntused"]
[Black "Annali-annaliew1979"]
[Result "0-1"]
[WhiteElo "2310"]
[BlackElo "2403"]
[PlyCount "162"]
[EventDate "2021.??.??"]
[EventType "blitz"]

1. e4 e5 2. Nf3 d5 3. d4 dxe4 4. Nxe5 Bd6 5. Nc4 Nf6 6. Nc3 h6 7. Be2 O-O 8.
O-O Nc6 9. h3 Bf5 10. d5 Ne5 11. Ne3 Bg6 12. Nb5 Bc5 13. c4 a6 14. Nc3 Bd6 15.
a3 b6 16. b4 a5 17. Rb1 axb4 18. axb4 Qe7 19. Qb3 Nfd7 20. Bd2 Kh7 21. Rfc1 f5
22. Nb5 f4 23. Ng4 f3 24. Nxe5 Nxe5 25. Nxd6 cxd6 26. Bf1 fxg2 27. Bxg2 e3 28.
Bxe3 Bxb1 29. Rxb1 Nf3+ 30. Kf1 Qe4 31. Rd1 Rf6 32. Bxb6 Raf8 33. Qd3 Qxd3+ 34.
Rxd3 Ne5 35. Rc3 Ra8 36. Be4+ g6 37. Bd4 Ra1+ 38. Kg2 Ra2 39. c5 Rd2 40. Be3
Rb2 41. c6 Rf8 42. c7 Rxb4 43. Bxg6+ Kxg6 44. c8=Q Rxc8 45. Rxc8 Rb5 46. f4 Nf7
47. Rg8+ Kh7 48. Rf8 Kg6 49. Rg8+ Kf6 50. Bd4+ Ke7 51. Kf3 Rxd5 52. Ke4 Rh5 53.
Rg3 d5+ 54. Kf3 Nd6 55. Kg4 Rf5 56. Be5 Rf7 57. Bxd6+ Kxd6 58. Re3 Kc5 59. f5
d4 60. Re8 Rd7 61. Rc8+ Kd5 62. Rc1 d3 63. Rd1 Ke4 64. Re1+ Kd4 65. Kh5 d2 66.
Rd1 Ke3 67. Kxh6 Rd3 68. Rxd2 Kxd2 69. f6 Rxh3+ 70. Kg6 Ke3 71. f7 Rg3+ 72. Kf6
Rf3+ 73. Ke7 Ke4 74. f8=Q Re3 75. Qe8 Kf3+ 76. Kd8 Rd3+ 77. Qd7 Re3 78. Qf5+
Ke2 79. Qg4+ Kd2 80. Qb4+ Ke2 81. Qf4 Rd3+ {Time forfeit} 0-1

[Event "Rated Blitz game"]
[Site "?"]
[Date "2021.11.04"]
[Round "?"]
[White "namimisak01"]
[Black "Annali-annaliew1979"]
[Result "1-0"]
[WhiteElo "2359"]
[BlackElo "2420"]
[PlyCount "65"]
[EventDate "2021.??.??"]
[EventType "blitz"]

1. e4 e5 2. Nf3 d5 3. exd5 e4 4. Qe2 f5 5. c4 Nf6 6. Nc3 Bb4 7. Nd4 O-O 8. g3
c5 9. Nc2 Nbd7 10. Bg2 Ne5 11. O-O a6 12. Nxb4 cxb4 13. Nd1 Qc7 14. b3 Re8 15.
Bb2 Nd3 16. Bd4 Bd7 17. Nb2 Ne5 18. Rae1 b5 19. Rc1 bxc4 20. bxc4 a5 21. d3
Nf3+ 22. Bxf3 exf3 23. Qxf3 a4 24. c5 a3 25. Nc4 Bb5 26. Nd6 Qd7 27. Nxe8 Rxe8
28. Bxf6 gxf6 29. c6 Qd6 30. Qxf5 Re5 31. Qc8+ Kg7 32. Qb7+ Re7 33. Qxb5 {
Normal} 1-0

[Event "Rated Blitz game"]
[Site "?"]
[Date "2021.11.04"]
[Round "?"]
[White "Sertoespj"]
[Black "Annali-annaliew1979"]
[Result "1-0"]
[WhiteElo "2447"]
[BlackElo "2453"]
[PlyCount "69"]
[EventDate "2021.??.??"]
[EventType "blitz"]

1. e4 e5 2. Nf3 d5 3. exd5 e4 4. Ne5 Bd6 5. d4 Nf6 6. Be2 O-O 7. O-O h6 8. c4
b6 9. Nc3 Bf5 10. Bf4 Qe7 11. Bg3 Nfd7 12. Nxd7 Nxd7 13. Re1 Nf6 14. Rc1 Rfe8
15. a3 a5 16. Nb5 e3 17. Nxd6 exf2+ 18. Bxf2 Qxd6 19. Bf3 Ne4 20. Bxe4 Bxe4 21.
Bg3 Qd7 22. Qd2 a4 23. Re3 Bg6 24. Rce1 Rxe3 25. Qxe3 b5 26. cxb5 Qxd5 27. Qe5
Qb3 28. Qxc7 Qxb5 29. Qc5 Qxb2 30. d5 Qd2 31. d6 Rd8 32. Qc7 Ra8 33. h3 Qd3 34.
d7 Qxg3 35. Qxg3 {Normal} 1-0

[Event "Rated Blitz game"]
[Site "?"]
[Date "2021.11.04"]
[Round "?"]
[White "BlackR"]
[Black "Annali-annaliew1979"]
[Result "0-1"]
[WhiteElo "2362"]
[BlackElo "2434"]
[PlyCount "84"]
[EventDate "2021.??.??"]
[EventType "blitz"]

1. e4 e5 2. Nf3 d5 3. exd5 e4 4. Qe2 f5 5. Nc3 Nf6 6. d3 Bb4 7. dxe4 Bxc3+ 8.
bxc3 fxe4 9. Nd4 O-O 10. c4 c5 11. Nb3 Bf5 12. Bg5 Nbd7 13. Qe3 b6 14. Be2 Qe8
15. O-O Qg6 16. Rad1 Rae8 17. a4 h6 18. Bh4 Ng4 19. Bxg4 Bxg4 20. Qg3 Qh5 21.
Rde1 Be2 22. a5 Bxc4 23. axb6 axb6 24. Qd6 Bxf1 25. Be7 Bb5 26. Bxf8 Rxf8 27.
Qe6+ Qf7 28. Qxf7+ Kxf7 29. Rxe4 Re8 30. Rf4+ Nf6 31. g3 Re2 32. c4 Bd7 33. Kg2
g5 34. Rf3 Rc2 35. Re3 Rxc4 36. d6 g4 37. Re7+ Kg6 38. Nd2 Bc6+ 39. Kf1 Rc2 40.
Ke2 Nd5 41. d7 Bb5+ 42. Kd1 Rxd2+ {Time forfeit} 0-1

[Event "Rated Blitz game"]
[Site "?"]
[Date "2021.11.03"]
[Round "?"]
[White "Nero66"]
[Black "Annali-annaliew1979"]
[Result "1-0"]
[WhiteElo "2476"]
[BlackElo "2447"]
[PlyCount "57"]
[EventDate "2021.??.??"]
[EventType "blitz"]

1. e4 e5 2. Nf3 d5 3. Nxe5 Qe7 4. d4 f6 5. Qh5+ g6 6. Nxg6 Qxe4+ 7. Be2 Qxg6 8.
Qxd5 Ne7 9. Qb3 Nbc6 10. Be3 Qxg2 11. Rf1 Qg6 12. Nc3 Bh3 13. O-O-O Bxf1 14.
Rxf1 O-O-O 15. d5 Ne5 16. Bxa7 Bh6+ 17. Kb1 Qg2 18. f4 N5g6 19. Rg1 Qxh2 20.
Bc5 Nxd5 21. Bg4+ Kb8 22. Nxd5 Rxd5 23. Qxd5 Nxf4 24. Qb3 Ne2 25. Bf3 b6 26.
Qd5 Kc8 27. Qe6+ Kb8 28. Rg8+ Bf8 29. Qe8+ {Normal} 1-0

[Event "Rated Blitz game"]
[Site "?"]
[Date "2021.11.03"]
[Round "?"]
[White "Vadimuk"]
[Black "SerialDrinker"]
[Result "1/2-1/2"]
[WhiteElo "2405"]
[BlackElo "2293"]
[PlyCount "117"]
[EventDate "2021.??.??"]
[EventType "blitz"]

1. e4 e5 2. Nf3 d5 3. exd5 e4 4. Qe2 Nf6 5. d3 Be7 6. dxe4 O-O 7. Nc3 c6 8.
dxc6 Nxc6 9. Be3 Bb4 10. Rd1 Qa5 11. Bd2 Bg4 12. h3 Nd4 13. Qd3 Bxf3 14. Qxd4
Bxd1 15. Kxd1 Rad8 16. Qe3 Bxc3 17. bxc3 Qxa2 18. Bd3 Qa1+ 19. Bc1 Qxc3 20. Ke2
Rfe8 21. f3 Qd4 22. Qxd4 Rxd4 23. Be3 Rb4 24. Bxa7 Nd5 25. Bc5 Rb2 26. Kd2 Nf4
27. Kc3 Nxd3 28. Kxd3 Rd8+ 29. Kc3 Rb5 30. Kc4 Rb2 31. Kc3 Ra2 32. Rb1 Rc8 33.
Rb5 b6 34. Rxb6 Ra5 35. Kd4 Raxc5 36. f4 Rxc2 37. g4 Rd2+ 38. Ke3 Rh2 39. e5
Rxh3+ 40. Ke4 h5 41. g5 g6 42. e6 Re8 43. Ke5 fxe6 44. Kf6 Rf3 45. Kxg6 Rxf4
46. Rb7 e5 47. Rg7+ Kf8 48. Rh7 Re6+ 49. Kxh5 e4 50. g6 Rxg6 51. Kxg6 e3 52.
Rh1 e2 53. Re1 Rf2 54. Kg5 Ke7 55. Kg4 Ke6 56. Kg3 Rf5 57. Rxe2+ Kf6 58. Rf2
Rxf2 59. Kxf2 {Normal} 1/2-1/2

[Event "Rated Rapid game"]
[Site "?"]
[Date "2021.11.03"]
[Round "?"]
[White "mutiger_loewe"]
[Black "mustafacagan"]
[Result "1-0"]
[WhiteElo "2480"]
[BlackElo "2280"]
[PlyCount "133"]
[EventDate "2021.??.??"]
[EventType "rapid"]

1. e4 e5 2. Nf3 d5 3. Nxe5 Bd6 4. d4 dxe4 5. Nc3 Bxe5 6. dxe5 Qxd1+ 7. Kxd1 Nc6
8. Bb5 Bg4+ 9. Ke1 Nge7 10. Bf4 O-O-O 11. Bg3 Rd4 12. Be2 Bf5 13. Rd1 Rhd8 14.
Bh4 a6 15. g4 Bg6 16. a3 Rxd1+ 17. Bxd1 Rd7 18. Bg3 Nd4 19. h4 Nf3+ 20. Kf1 h5
21. Bf4 hxg4 22. h5 Bh7 23. h6 gxh6 24. Rxh6 Bg6 25. Bxf3 exf3 26. Bg5 b5 27.
e6 fxe6 28. Bxe7 Bxc2 29. Rxe6 Bb3 30. Re4 a5 31. Bg5 c5 32. Kg1 b4 33. axb4
cxb4 34. Nb5 Rd5 35. Na7+ Kb7 36. Be3 Rd1+ 37. Kh2 Rb1 38. Bd4 Bd1 39. Rxg4 Rc1
40. Kg3 Be2 41. Rg7+ Ka6 42. Rg6+ Kb7 43. Rb6+ Kc7 44. Nb5+ Kd7 45. Nd6 Rc6 46.
Ne4 Rxb6 47. Bxb6 a4 48. Bc5 a3 49. bxa3 bxa3 50. Bxa3 Ke6 51. Ng5+ Kf5 52.
Nxf3 Ke4 53. Ng5+ Kf5 54. f4 Bc4 55. Nf3 Kf6 56. Bb2+ Kf5 57. Nd4+ Kg6 58. Nf3
Kf5 59. Nh4+ Ke6 60. f5+ Kf7 61. f6 Ke6 62. Kf4 Bd3 63. Nf3 Bg6 64. Ng5+ Kd7
65. Nf3 Ke8 66. Kg5 Bd3 67. Ne5 {Time forfeit} 1-0

[Event "Rated Blitz game"]
[Site "?"]
[Date "2021.11.03"]
[Round "?"]
[White "MiguelAyala"]
[Black "Pepiton61"]
[Result "0-1"]
[WhiteElo "2406"]
[BlackElo "2360"]
[PlyCount "66"]
[EventDate "2021.??.??"]
[EventType "blitz"]

1. e4 e5 2. Nf3 d5 3. d4 dxe4 4. Nxe5 Bd6 5. Nc4 Nc6 6. Nxd6+ Qxd6 7. Be3 Nf6
8. Nc3 Bg4 9. Be2 Bxe2 10. Qxe2 Nxd4 11. Bxd4 Qxd4 12. Rd1 Qb4 13. O-O O-O 14.
Qe3 Qxb2 15. Rb1 Qxc2 16. Rxb7 Qd3 17. Rxc7 Qxe3 18. fxe3 Rac8 19. Rxc8 Rxc8
20. Nb5 a6 21. Nd4 Rc3 22. Rb1 h5 23. Rb8+ Kh7 24. Rb7 Ng4 25. g3 Ne5 26. Kf2
Ng4+ 27. Kg1 Rxe3 28. Rxf7 Rd3 29. Nf5 Kg6 30. Rf8 Rd1+ 31. Kg2 e3 32. Ne7+ Kh7
33. Kf3 Rf1+ {Normal} 0-1

[Event "Rated Blitz tournament E8gH8C7M"]
[Site "?"]
[Date "2021.11.03"]
[Round "?"]
[White "Hyo_Lee"]
[Black "KappaGolden"]
[Result "1-0"]
[WhiteElo "2571"]
[BlackElo "2257"]
[PlyCount "73"]
[EventDate "2021.??.??"]
[EventType "blitz"]

1. e4 e5 2. Nf3 d5 3. d4 dxe4 4. Nxe5 Bd6 5. Nc4 Nf6 6. Nc3 O-O 7. Be3 Re8 8.
Nxd6 cxd6 9. Bc4 d5 10. Bb5 Bd7 11. Bxd7 Qxd7 12. h3 Nc6 13. g4 Re6 14. Qd2 Rb8
15. Na4 b6 16. b3 Ne8 17. c4 Nc7 18. O-O Rg6 19. f3 dxc4 20. bxc4 b5 21. Nc5
Qe7 22. Nxe4 bxc4 23. d5 Rd8 24. d6 Qh4 25. Qg2 Nd5 26. Bf2 Qh6 27. Rfd1 Nf4
28. Qg3 Nxh3+ 29. Kf1 Nxf2 30. Ke2 Nxe4 31. fxe4 Re6 32. Kf3 Qg6 33. Re1 Ne5+
34. Kg2 Rdxd6 35. Rab1 c3 36. Rb8+ Rd8 37. Rxd8+ {Normal} 1-0

[Event "Rated Blitz game"]
[Site "?"]
[Date "2021.11.03"]
[Round "?"]
[White "Iamthebestofchess"]
[Black "rofaidah"]
[Result "0-1"]
[WhiteElo "2394"]
[BlackElo "2470"]
[PlyCount "88"]
[EventDate "2021.??.??"]
[EventType "blitz"]

1. e4 e5 2. Nf3 d5 3. Nxe5 Qe7 4. d4 f6 5. Qh5+ g6 6. Nxg6 Qxe4+ 7. Be2 Qxg6 8.
Nc3 Qxh5 9. Bxh5+ Kd8 10. Nxd5 c6 11. Nc3 Bh6 12. O-O Bxc1 13. Raxc1 Nh6 14. d5
Bg4 15. Bxg4 Nxg4 16. h3 Ne5 17. dxc6 Nbxc6 18. Rcd1+ Kc8 19. f4 Nc4 20. Nd5
Rf8 21. b3 Nb6 22. Nxb6+ axb6 23. Rd6 Rxa2 24. c4 Rb2 25. Rf3 Kc7 26. Re6 Kd7
27. Re4 f5 28. Rd3+ Kc7 29. Re6 Rd8 30. Rxd8 Kxd8 31. Rf6 Rxb3 32. Rxf5 Rb4 33.
Rf8+ Kd7 34. Rf7+ Kc8 35. Rxh7 Rxc4 36. f5 b5 37. g4 b4 38. g5 b3 39. f6 b2 40.
f7 b1=Q+ 41. Kg2 Qb2+ 42. Kg3 Qb3+ 43. Kg2 Rc2+ 44. Kg1 Qb1# {Normal} 0-1

[Event "Rated Blitz game"]
[Site "?"]
[Date "2021.11.03"]
[Round "?"]
[White "SomeCM"]
[Black "Benny_Watts_2005"]
[Result "1-0"]
[WhiteElo "2411"]
[BlackElo "2392"]
[PlyCount "61"]
[EventDate "2021.??.??"]
[EventType "blitz"]

1. e4 e5 2. Nf3 d5 3. exd5 e4 4. Qe2 Nf6 5. d3 Qxd5 6. Nbd2 Nc6 7. Nxe4 Be6 8.
Nxf6+ gxf6 9. Qe4 Qc5 10. c3 O-O-O 11. Be3 Qa5 12. Be2 f5 13. Qh4 Be7 14. Qh5
Qb5 15. O-O Qxb2 16. Nd4 Nxd4 17. Bxd4 Rhg8 18. Rfb1 Qa3 19. Bf3 c6 20. Qxh7
Qa6 21. Be5 Qxd3 22. Bxc6 bxc6 23. Rb8+ Kd7 24. Rb7+ Kc8 25. Rc7+ Kb8 26. Rd7+
Ka8 27. Rxd3 f6 28. Bd4 Bd5 29. Qxe7 Rxg2+ 30. Kf1 Rdg8 31. Qxa7# {Normal} 1-0

[Event "Rated Blitz game"]
[Site "?"]
[Date "2021.11.03"]
[Round "?"]
[White "AngelPerezQuinones"]
[Black "Annali-annaliew1979"]
[Result "1-0"]
[WhiteElo "2425"]
[BlackElo "2478"]
[PlyCount "93"]
[EventDate "2021.??.??"]
[EventType "blitz"]

1. e4 e5 2. Nf3 d5 3. exd5 e4 4. Ne5 Bd6 5. d4 Nf6 6. c4 b6 7. Nc3 h6 8. Bf4
O-O 9. Be2 Bf5 10. Qd2 a5 11. g4 Bh7 12. h4 Nfd7 13. g5 f6 14. Nxd7 Nxd7 15.
gxh6 g6 16. Rg1 Re8 17. O-O-O Kh8 18. Kb1 a4 19. a3 Qe7 20. Be3 f5 21. Rg5 f4
22. Bxf4 e3 23. Bxe3 Nf6 24. Rdg1 Bxa3 25. bxa3 Qxa3 26. Bd3 Qb4+ 27. Qb2 Qe7
28. Ka2 Nh5 29. Qc2 b5 30. cxb5 Qb4 31. Rb1 Qd6 32. Bc4 Nf4 33. Qb2 a3 34. Qb4
Nh5 35. Qxd6 cxd6 36. b6 Reb8 37. Rb4 Nf6 38. Rg1 Nd7 39. Rgb1 Rb7 40. Bb5 Rxb6
41. Bxd7 Rxb4 42. Rxb4 Rd8 43. Rb7 Bg8 44. Bg5 Ra8 45. Bf6+ Kh7 46. Bg4+ Kxh6
47. Bg5# {Normal} 1-0

[Event "Rated Blitz game"]
[Site "?"]
[Date "2021.11.03"]
[Round "?"]
[White "kiddy87"]
[Black "Annali-annaliew1979"]
[Result "0-1"]
[WhiteElo "2390"]
[BlackElo "2448"]
[PlyCount "30"]
[EventDate "2021.??.??"]
[EventType "blitz"]

1. e4 e5 2. Nf3 d5 3. Nxe5 Qe7 4. d4 f6 5. Qh5+ g6 6. Nxg6 Qxe4+ 7. Be2 Qxg6 8.
Qxd5 Ne7 9. Qf3 Nbc6 10. c3 Bf5 11. Na3 O-O-O 12. Bf4 Nd5 13. Bg3 h5 14. h4 Re8
15. Nc4 Be4 {Normal} 0-1

[Event "Rated Blitz game"]
[Site "?"]
[Date "2021.11.03"]
[Round "?"]
[White "retrostail"]
[Black "Annali-annaliew1979"]
[Result "0-1"]
[WhiteElo "2419"]
[BlackElo "2422"]
[PlyCount "102"]
[EventDate "2021.??.??"]
[EventType "blitz"]

1. e4 e5 2. Nf3 d5 3. Nxe5 Qe7 4. d4 f6 5. Nd3 Nc6 6. Be3 dxe4 7. Nf4 f5 8.
Qh5+ Qf7 9. Qxf7+ Kxf7 10. Bc4+ Ke8 11. h4 Nf6 12. c3 a6 13. a4 Bd6 14. Ne6
Bxe6 15. Bxe6 g6 16. Nd2 Ng4 17. Nc4 Nxe3 18. fxe3 Bg3+ 19. Ke2 Ke7 20. Bd5 Nd8
21. Na5 c6 22. Ba2 b5 23. b4 Bc7 24. Nb3 Bd6 25. Bb1 Nf7 26. g4 Kf6 27. g5+ Ke7
28. axb5 axb5 29. Rxa8 Rxa8 30. Na5 Kd7 31. Ba2 Nd8 32. h5 Bc7 33. hxg6 hxg6
34. Rh7+ Kd6 35. Rg7 Bxa5 36. Rxg6+ Kc7 37. bxa5 Rxa5 38. Bg8 Nb7 39. Rf6 Nd6
40. g6 Ra8 41. Bh7 Ra2+ 42. Kf1 Nc4 43. g7 Nxe3+ 44. Kg1 Rg2+ 45. Kh1 Rxg7 46.
Bxf5 Nxf5 47. Rxf5 Rg3 48. Re5 Rxc3 49. Rxe4 b4 50. Kg2 b3 51. Re1 Kd6 {Normal}
0-1

[Event "Rated Blitz game"]
[Site "?"]
[Date "2021.11.03"]
[Round "?"]
[White "IziGo"]
[Black "Schachelite"]
[Result "0-1"]
[WhiteElo "2442"]
[BlackElo "2473"]
[PlyCount "109"]
[EventDate "2021.??.??"]
[EventType "blitz"]

1. e4 e5 2. Nf3 d5 3. Nxe5 Bd6 4. d4 dxe4 5. Nd2 Nf6 6. Ndc4 O-O 7. Bg5 Be7 8.
c3 Be6 9. Qe2 Nbd7 10. Nxd7 Qxd7 11. Ne5 Qd5 12. Be3 c6 13. g3 Nd7 14. Nxd7
Qxd7 15. Bg2 f5 16. O-O Rae8 17. Rae1 Bxa2 18. Ra1 Qe6 19. Qc2 Bb3 20. Qd2 a6
21. Ra5 Bd8 22. Re5 Qf7 23. Rxe8 Rxe8 24. f3 exf3 25. Rxf3 Bd5 26. Rf2 Bxg2 27.
Kxg2 Qe6 28. Bf4 Qe4+ 29. Kg1 Qe1+ 30. Rf1 Qxd2 31. Bxd2 Re2 32. Rf2 Rxf2 33.
Kxf2 Kf7 34. b3 Ke6 35. c4 b5 36. Ke2 g5 37. Kd3 h5 38. h3 g4 39. hxg4 fxg4 40.
Be1 Kf5 41. Bf2 Bc7 42. Be1 h4 43. gxh4 g3 44. d5 cxd5 45. cxd5 Kg4 46. Kd4 Bd6
47. h5 Kxh5 48. Ke4 Kg4 49. b4 g2 50. Bf2 Bxb4 51. Ke5 a5 52. Ke6 a4 53. Kd7 a3
54. Kc6 a2 55. Kxb5 {Normal} 0-1

[Event "Rated Blitz game"]
[Site "?"]
[Date "2021.11.03"]
[Round "?"]
[White "Yasantha"]
[Black "Annali-annaliew1979"]
[Result "0-1"]
[WhiteElo "2352"]
[BlackElo "2439"]
[PlyCount "134"]
[EventDate "2021.??.??"]
[EventType "blitz"]

1. e4 e5 2. Nf3 d5 3. exd5 e4 4. Qe2 f5 5. Nd4 Nf6 6. g3 c5 7. Nb5 a6 8. N5c3
Bd6 9. Bg2 O-O 10. O-O Nbd7 11. d3 Re8 12. dxe4 Nxe4 13. Nxe4 fxe4 14. Nc3 Nf6
15. Bg5 Bf5 16. Nxe4 Bxe4 17. Bxe4 Rxe4 18. Qxe4 Nxe4 19. Bxd8 Rxd8 20. Rfe1
Nf6 21. c4 b5 22. b3 Kf7 23. Re6 h5 24. a4 b4 25. h3 Nd7 26. Rae1 Nf6 27. Kg2
a5 28. f4 h4 29. gxh4 Nh5 30. Kf3 Rd7 31. Kg4 Nf6+ 32. Kg5 Nh7+ 33. Kg4 Nf6+
34. Kf5 Nh5 35. Kg5 Nxf4 36. Rxd6 Nxh3+ 37. Kg4 Nf2+ 38. Kf3 Rxd6 39. Kxf2 Rh6
40. Kg3 Rg6+ 41. Kf4 Rf6+ 42. Ke5 Rf3 43. Kd6 Rxb3 44. Kxc5 Rd3 45. Kc6 b3 46.
c5 Rd2 47. d6 b2 48. Rb1 Ke6 49. Kc7 Rd5 50. Kc6 Rd2 51. Re1+ Kf7 52. Kc7 Rc2
53. d7 Rc1 54. d8=Q Rxe1 55. Qd5+ Re6 56. Qb3 Ke7 57. Qxb2 Rh6 58. Qb6 Rxh4 59.
Qd6+ Kf7 60. Kd7 Rxa4 61. c6 Re4 62. c7 Re8 63. c8=Q Rxc8 64. Kxc8 a4 65. Qa6
a3 66. Qxa3 Kf6 67. Qg3 g5 {Time forfeit} 0-1

[Event "Rated Blitz game"]
[Site "?"]
[Date "2021.11.03"]
[Round "?"]
[White "niwt_tnegrevid"]
[Black "minestep"]
[Result "1/2-1/2"]
[WhiteElo "2510"]
[BlackElo "2493"]
[PlyCount "117"]
[EventDate "2021.??.??"]
[EventType "blitz"]

1. e4 e5 2. Nf3 d5 3. Nxe5 Bd6 4. d4 Nf6 5. exd5 Nbd7 6. Nxd7 Qxd7 7. Be2 Nxd5
8. O-O O-O 9. c4 Nf6 10. Nc3 c6 11. Be3 Re8 12. Bf3 Ng4 13. Bxg4 Qxg4 14. Qxg4
Bxg4 15. Rfe1 Bb4 16. Bd2 Bxc3 17. Bxc3 Rxe1+ 18. Rxe1 Be6 19. b3 a5 20. a4 Kf8
21. Re5 b6 22. f4 g6 23. h3 Bf5 24. Bb2 Bc2 25. Ba3+ Kg7 26. Re3 Rd8 27. Kf2 f5
28. Bb2 Kf7 29. g4 Rd6 30. Kg3 fxg4 31. hxg4 h5 32. Kh4 hxg4 33. Kxg4 Bf5+ 34.
Kg5 Rd8 35. Re5 Rh8 36. Rxf5+ gxf5 37. Kxf5 Rh2 38. Ba3 Rh3 39. Bd6 Rxb3 40.
Bc7 Ke7 41. Ke5 Rb4 42. d5 cxd5 43. cxd5 Kd7 44. d6 Rxa4 45. Bxb6 Rc4 46. f5 a4
47. Bd4 Rc6 48. f6 Rc8 49. f7 Rf8 50. Kf6 Kxd6 51. Bb2 Kd7 52. Ba3 Rd8 53. f8=Q
Rxf8+ 54. Bxf8 Kc6 55. Ba3 Kb5 56. Ke5 Kc4 57. Bd6 Kb3 58. Kd4 a3 59. Bxa3 {
Normal} 1/2-1/2

[Event "Rated Blitz game"]
[Site "?"]
[Date "2021.11.03"]
[Round "?"]
[White "Maxomara"]
[Black "Annali-annaliew1979"]
[Result "0-1"]
[WhiteElo "2375"]
[BlackElo "2454"]
[PlyCount "152"]
[EventDate "2021.??.??"]
[EventType "blitz"]

1. e4 e5 2. Nf3 d5 3. Nxe5 Qe7 4. d4 f6 5. Nd3 Nc6 6. c3 Bf5 7. Nc5 Bxe4 8.
Nxe4 Qxe4+ 9. Qe2 Bd6 10. Qxe4+ dxe4 11. Bb5 Nge7 12. Nd2 f5 13. Nc4 O-O-O 14.
Nxd6+ Rxd6 15. Bf4 Rd7 16. h4 h6 17. h5 Nd5 18. Bd2 a6 19. Ba4 Re8 20. O-O-O b5
21. Bb3 Na5 22. Bc2 Nc4 23. Be1 f4 24. f3 e3 25. Bf5 Nd6 26. Bxd7+ Kxd7 27. Rd3
Nf5 28. b3 c6 29. c4 bxc4 30. bxc4 Nb6 31. d5 c5 32. Rc3 Nd4 33. Kd1 Na4 34.
Ra3 Nb6 35. Rc3 Rb8 36. Rb3 Nxb3 37. axb3 Nc8 38. Kc2 Nd6 39. Rh4 Rf8 40. Bc3
Rf7 41. Rg4 Nf5 42. Rg6 Nd4+ 43. Kb2 e2 44. Rxa6 Ke8 45. Ra8+ Ke7 46. Ra7+ Kf8
47. Rxf7+ Kxf7 48. Be1 Kf6 49. Kc3 Ke5 50. Kd2 Nxb3+ 51. Kxe2 Kf5 52. Bf2 Kg5
53. d6 Kf6 54. Kd3 Ke6 55. Kc3 Nc1 56. Bxc5 Ne2+ 57. Kd2 Ng3 58. Bd4 Kxd6 59.
Bxg7 Nxh5 60. Bxh6 Kc5 61. Bxf4 Nxf4 62. g4 Kxc4 63. Ke3 Nh3 64. g5 Nxg5 65. f4
Nf7 66. f5 Kd5 67. f6 Ke5 68. Kf3 Kf5 69. Kf2 Kg6 70. Ke2 Kh7 71. Kd2 Kg8 72.
Kc2 Ne5 73. Kc3 Kf7 74. Kd4 Nf3+ 75. Kc5 Ng5 76. Kd6 Ne6 {Time forfeit} 0-1

[Event "Rated Blitz game"]
[Site "?"]
[Date "2021.11.03"]
[Round "?"]
[White "deek741"]
[Black "JHuNNTANGco"]
[Result "0-1"]
[WhiteElo "2427"]
[BlackElo "2449"]
[PlyCount "62"]
[EventDate "2021.??.??"]
[EventType "blitz"]

1. e4 e5 2. Nf3 d5 3. Nxe5 dxe4 4. d4 Bd6 5. Nc4 Nc6 6. Be3 f5 7. Qd2 Nf6 8.
Nc3 Be6 9. O-O-O Bf7 10. h3 Qe7 11. a3 O-O 12. Be2 a6 13. g4 fxg4 14. hxg4 b5
15. Nxd6 cxd6 16. g5 Nd7 17. d5 Na5 18. Qd4 Bg6 19. Rh4 Nc4 20. Bxc4 bxc4 21.
Nxe4 Rab8 22. c3 Ne5 23. Rf4 Nd3+ 24. Rxd3 cxd3 25. f3 Rxf4 26. Bxf4 Bxe4 27.
fxe4 Rf8 28. Bg3 Qxg5+ 29. Kb1 Qxg3 30. c4 Qe1+ 31. Ka2 d2 {Normal} 0-1

[Event "Rated Blitz game"]
[Site "?"]
[Date "2021.11.03"]
[Round "?"]
[White "ffl0"]
[Black "Annali-annaliew1979"]
[Result "0-1"]
[WhiteElo "2614"]
[BlackElo "2444"]
[PlyCount "66"]
[EventDate "2021.??.??"]
[EventType "blitz"]

1. e4 e5 2. Nf3 d5 3. exd5 e4 4. Qe2 f5 5. d3 Nf6 6. Nbd2 Be7 7. dxe4 fxe4 8.
Nxe4 Nxe4 9. Qxe4 O-O 10. Be2 Bd6 11. O-O Bf5 12. Qh4 Qe8 13. Re1 Nd7 14. Bd3
Qg6 15. Bxf5 Rxf5 16. Ng5 Raf8 17. Be3 Be7 18. Rad1 Bxg5 19. Qa4 Bxe3 20. Rxe3
Rxf2 21. Rg3 Qf7 22. h3 Nb6 23. Qd4 Rf1+ 24. Rxf1 Qxf1+ 25. Kh2 Qf6 26. Qd3 Qd6
27. c4 Nd7 28. Qd4 Nf6 29. Qh4 b6 30. Kh1 Re8 31. Rf3 Re4 32. Qf2 Qe5 33. g3
Re1+ {Normal} 0-1

[Event "Rated Blitz game"]
[Site "?"]
[Date "2021.11.03"]
[Round "?"]
[White "Sijavush"]
[Black "Pepiton61"]
[Result "1-0"]
[WhiteElo "2501"]
[BlackElo "2379"]
[PlyCount "61"]
[EventDate "2021.??.??"]
[EventType "blitz"]

1. e4 e5 2. Nf3 d5 3. exd5 e4 4. Ne5 Qxd5 5. d4 exd3 6. Nxd3 Nf6 7. Nc3 Qf5 8.
Be2 Bd6 9. Be3 O-O 10. Qd2 Be6 11. O-O-O Qa5 12. Kb1 Nc6 13. Bf3 Rfd8 14. Ne4
Nxe4 15. Qxa5 Nxa5 16. Bxe4 Nc4 17. Bxb7 Rab8 18. Ba6 Nxb2 19. Nxb2 Rb6 20.
Bxb6 axb6 21. Bc4 Bf5 22. Rhe1 h5 23. h3 Ra8 24. Bd5 Ra5 25. Be4 Be6 26. c4 g6
27. Bd5 Bf5+ 28. Ka1 Bc2 29. Rc1 Bb3 30. Re8+ Kg7 31. Ra8 {Normal} 1-0

[Event "Rated Blitz game"]
[Site "?"]
[Date "2021.11.03"]
[Round "?"]
[White "LegendaryOM"]
[Black "Schachelite"]
[Result "0-1"]
[WhiteElo "2401"]
[BlackElo "2475"]
[PlyCount "102"]
[EventDate "2021.??.??"]
[EventType "blitz"]

1. e4 e5 2. Nf3 d5 3. Nxe5 Bd6 4. d4 dxe4 5. Nc4 Nf6 6. Nxd6+ Qxd6 7. Be2 Nc6
8. c3 O-O 9. O-O b6 10. Bg5 Bb7 11. Nd2 Ne7 12. Nc4 Qe6 13. Bf4 Ned5 14. Bg3
Rad8 15. Re1 Rfe8 16. Ne3 Nxe3 17. fxe3 Nd5 18. Bg4 f5 19. Bh3 Rf8 20. Qe2 g5
21. c4 Nb4 22. d5 Qd7 23. Qh5 g4 24. Qg5+ Qg7 25. Qxg7+ Kxg7 26. Bxc7 Rd7 27.
Be5+ Kg6 28. Bxg4 fxg4 29. Rf1 Rdf7 30. Rxf7 Rxf7 31. a3 Nd3 32. Bd4 h5 33. b4
Ba6 34. c5 bxc5 35. bxc5 Bc4 36. d6 Bb5 37. Rb1 Bc6 38. g3 Kf5 39. Rb8 Ke6 40.
Rc8 Kd5 41. Rh8 Kc4 42. Rxh5 Rf2 43. Rg5 Ra2 44. Rxg4 Ne1 45. h4 Nf3+ 46. Kf1
Kd3 47. Rf4 Bb5 48. Rxf3 exf3 49. h5 Ke4+ 50. Kg1 f2+ 51. Kg2 f1=Q# {Normal}
0-1

[Event "Rated Blitz game"]
[Site "?"]
[Date "2021.11.03"]
[Round "?"]
[White "shalovsky"]
[Black "Benny_Watts_2005"]
[Result "0-1"]
[WhiteElo "2401"]
[BlackElo "2406"]
[PlyCount "64"]
[EventDate "2021.??.??"]
[EventType "blitz"]

1. e4 e5 2. Nf3 d5 3. Nxe5 Bd6 4. d4 dxe4 5. Nc4 Nc6 6. Be3 Nf6 7. Be2 Bf5 8.
Nxd6+ Qxd6 9. Nc3 O-O-O 10. Nb5 Qd7 11. c3 a6 12. Na3 Nd5 13. O-O Bg6 14. c4
Ndb4 15. d5 Ne5 16. Nc2 Nbd3 17. b4 Nxc4 18. Bc5 Qxd5 19. Ne3 Nxe3 20. fxe3
Nxc5 21. bxc5 Qxc5 22. Qb3 Qb6 23. Qc3 f6 24. Rfc1 Kb8 25. Rab1 Qd6 26. Qa5 Ka7
27. Rxc7 Rb8 28. Rxg7 Rhc8 29. h3 Rc5 30. Qa3 Qc6 31. Kh2 f5 32. Re7 Qd6+ {
Time forfeit} 0-1

[Event "Rated Blitz game"]
[Site "?"]
[Date "2021.11.03"]
[Round "?"]
[White "AlaaElhares30"]
[Black "Annali-annaliew1979"]
[Result "1-0"]
[WhiteElo "2526"]
[BlackElo "2454"]
[PlyCount "117"]
[EventDate "2021.??.??"]
[EventType "blitz"]

1. e4 e5 2. Nf3 d5 3. Nc3 dxe4 4. Nxe4 f5 5. Ng3 e4 6. Qe2 Nf6 7. d3 Bb4+ 8. c3
Be7 9. dxe4 fxe4 10. Nxe4 Nxe4 11. Qxe4 O-O 12. Bc4+ Kh8 13. Be3 Nc6 14. Rd1
Qe8 15. O-O Bf5 16. Qd5 Bd6 17. Bd3 Ne7 18. Qb3 Qh5 19. Bxf5 Rxf5 20. Qxb7 Raf8
21. Rxd6 Rxf3 22. Qxc7 Nf5 23. Rd8 Nh4 24. gxf3 Nxf3+ 25. Kh1 Qf5 26. Rxf8+
Qxf8 27. Rd1 Nd2 28. Rxd2 Qf3+ 29. Kg1 Qg4+ 30. Kf1 Qh3+ 31. Ke1 h6 32. Rd8+
Kh7 33. Bd4 Qg2 34. Qxg7+ Qxg7 35. Bxg7 Kxg7 36. Rd7+ Kf6 37. Rxa7 Ke5 38. Ra6
h5 39. Rh6 Ke4 40. Rxh5 Kd3 41. Rd5+ Kc2 42. Rd2+ Kb1 43. h4 Kxa2 44. h5 Kb3
45. h6 Ka2 46. h7 Kb1 47. h8=Q Ka2 48. Qd4 Kb1 49. c4 Ka2 50. b4+ Ka3 51. Qb2+
Ka4 52. Qa2+ Kxb4 53. Rb2+ Kc5 54. Rb5+ Kd4 55. Qd2+ Kxc4 56. Qd5+ Kc3 57. Rb3+
Kc2 58. Qd3+ Kc1 59. Rb1# {Normal} 1-0